• 首页
  • 本馆介绍
  • 公告通知
  • 最新文献
  • 馆藏检索
  • 电子资源
  • 读者导购
  • 参考咨询
  • 我的图书馆
  • 登录
  • 详细信息显示
  • 放入我的书架
  • 预约/预借图书
  • 作者相关作品
  • 分类相关作品
  • 丛书相关作品
  • 出版社相关作品

书目信息

  • 表格格式
  • 工作单格式
  • 卡片格式
题名:
韩国六大总统
    
 
作者: 黄兆群 著
分册:  
出版信息: 北京   人民出版社  2004
页数: 277页
开本: 20cm
丛书名:
单 册:
中图分类: K312.6
科图分类:
主题词: 韩国--历史--研究
电子资源:
ISBN: 7-01-004300-0
000 00742nam0 2200229 450
001 TS2006000258
005 20070117112011.46
010    @a7-01-004300-0@dCNY20.00
092    @aCN@bTS01-000303
100    @a20060829d2004 em y0chiy0110 ea
101 0  @achi
102    @aCN@b110000
105    @ay z 000yd
200 1  @a韩国六大总统@AHan Guo Liu Da Zong Tong@f黄兆群著@FHuang Zhao Qun Zhu
210    @a北京@c人民出版社@d2004
215    @a277页@d20cm
330    @a该书勾画了从19世纪末叶染指朝鲜半岛,到2000年金大中总统任期内一百多年间韩国政治、经济、文化以及社会生活的全景式画卷。
606 0  @a韩国@x历史@x研究
690    @aK312.6@v4
701  0 @a黄兆群@AHuang Zhao Qun@4著
801  0 @aCN@b中图数据@c20070117
905    @a10447@dK312.6@e7
    
    韩国六大总统/黄兆群著.-北京:人民出版社,2004
    277页;20cm
    
    
    ISBN 7-01-004300-0:CNY20.00
    该书勾画了从19世纪末叶染指朝鲜半岛,到2000年金大中总统任期内一百多年间韩国政治、经济、文化以及社会生活的全景式画卷。
●
相关链接 在E读中查询图书 在五车中查询图书 在当当中查询图书 在豆瓣中查询图书


正题名:韩国六大总统     索取号:K312.6/7         预约/预借

序号 登录号 条形码 馆藏地/架位号 状态 备注
1 0619713   206197131   第二样本阅览室/ [索取号:K312.6/7] 在馆    
2 0619714   206197140   第二借阅区/ [索取号:K312.6/7] 在馆    
3 0619715   206197159   第二借阅区/ [索取号:K312.6/7] 在馆    
4 0619716   206197168   第二借阅区/ [索取号:K312.6/7] 在馆    
5 0619717   206197177   第二借阅区/ [索取号:K312.6/7] 在馆    
唐山师范学院图书馆 欢迎您!
大连网信软件有限公司© 版权所有